Statistiques concernant Lyon Buteurs

Cliquez ici pour prendre le quiz!

Statistiques générales

  • Ce quiz a été pris 61 fois
  • Le résultat moyen est 6 sur 25

Statistiques - réponses

Nb ButsJoueurTop% Correct
129Lacazette1
91%
100Juninho2
63%
66Karim Benzema9
63%
69Nabil Fekir8
63%
82Lisandro Lopez5
37%
76Memphis Depay6
35%
65Moussa Dembele10
30%
94Sonny Anderson4
28%
29Corentin Tolisso25
26%
95Bafetimbi Gomis3
25%
43Fred15
25%
76Sidney Govou7
19%
32Sylvain Wiltord23
18%
34Michel Bastos19
16%
34Jimmy Briand20
14%
34Karl Toko Ekambi18
14%
39Houssem Aouar17
11%
33Florent Malouda22
9%
33Bertrand Traore21
7%
51Maxwel Cornet12
7%
32Ludovic Giuly24
5%
61Alain Caveglia11
4%
45Florian Maurice14
2%
46Peguy Luyindula13
2%
42Sima Nikolic16
0%

Distribution des résultats

Percentile par nombre de réponses

% des personnes avec chaque résultat

Votre développement - résultats

Vous n’avez pas pris ce quiz